| 000 | 00000nam 2200000za 4500 |
| 001 | 9.590932 |
| 003 | CaOODSP |
| 005 | 20250814115917 |
| 007 | cr ||||||||||| |
| 008 | 150406|2001||||xxc|||||o f|0| 0 fre d |
| 020 | |a0-662-85853-0 |
| 022 | |a1205-9161 |
| 040 | |aCaOODSP|bfre |
| 043 | |an-cn--- |
| 086 | 1 |aCS11-0019/169F-IN |
| 100 | 1 |aBaldwin, John R. |q(John Russel) |
| 245 | 00|aDynamique du secteur canadien de la fabrication dans les régions métropolitaines et rurales / |h[ressource électronique]|cpar John R. Baldwin, W. Mark Brown et Tara Vinodrai. |
| 260 | |aOttawa - Ontario : |bStatistique Canada |cNovembre 2001. |
| 300 | |a77p.|bgraphiques, cartes, références, tableaux |
| 490 | 1 |aDocuments de recherche - Direction des études analytiques|x1205-9161|vN° 169 |
| 590 | |a12-37-Supp|b2012-09-24 |
| 710 | 2 |aStatistique Canada. |
| 775 | 08|tDynamics of the Canadian manufacturing sector in metropolitan and rural regions / |w(CaOODSP)9.557886 |
| 776 | 0#|tDynamique du secteur canadien de la fabrication dans les régions métropolitaines et rurales / |w(CaOODSP)9.625709 |
| 830 | #0|aDocuments de recherche (Statistique Canada. Direction des études analytiques)|x1205-9161|vN° 169|w(CaOODSP)9.500842 |
| 856 | 40|ahttp://publications.gc.ca|qPDF|s869 Ko|uhttps://publications.gc.ca/collections/Collection/CS11-0019-169F.pdf|yN° 169 |